000 00342nam a2200133Ia 4500
005 20260328101452.0
008 260328s9999||||xx |||||||||||||| ||und||
100 _aBevan, Bernard
245 0 _aHistoria de la Arquitectura EspaƱola /
_cBernard Bevan
260 _bJuventud
300 _a293 p.
650 _aARQUITECTURA REGIONAL
942 _cBK
999 _c8685
_d8685